000 01428nam0a22002531 4500
001 rc\4468526
005 20260407145229.0
021 _aRU
_bРг5550-64
035 _a(NLR Aleph) 008328821
090 _a8803956
_c8803956
100 _a20130416d1964 |||y0rusy50 ca
101 0 _arus
102 _aRU
105 _ay z |||||
200 1 _aТезисы докладов Всесоюзного программно-методического совещания научно-исследовательских учреждений - участников географической сети опытов с минеральными удобрениями. 23-27 июня 1964 г. г. Москва
_fМ-во с. х. СССР. Всесоюз. науч.-исслед. ин-т удобрений и агропочвоведения
210 _a[Москва]
_cБ. и.
_d1964
215 _a[1], 56 л.
_d27
300 _aОтпеч. множит. аппаратом
710 1 2 _aВсесоюзное программно-методическое совещание научно-исследовательских учреждений-участников географической сети опытов с минеральными удобрениями
_f1964
_eМосква
_3RU\NLR\AUTH\8810088948
_9679431
801 0 _aRU
_bNLR
_gpsbo
801 1 _aRU
_bELAR
_2rusmarc
852 _aNLR
_j64-8/1602
942 _cBOOK
980 _aNB